Normal view
MARC view
- Harrison, Selig S.
Entry Personal Name
001 - CONTROL NUMBER
- control field: 4630
003 - CONTROL NUMBER IDENTIFIER
- control field: NUST
005 - DATE AND TIME OF LATEST TRANSACTION
- control field: 20170918152055.0
008 - FIXED-LENGTH DATA ELEMENTS
- fixed length control field: 170918|| aca||aabn | a|a d
040 ## - CATALOGING SOURCE
- Original cataloging agency: NUST
- Transcribing agency: NUST
100 ## - HEADING--PERSONAL NAME
- Personal name: Harrison, Selig S.
670 ## - SOURCE DATA FOUND
- Source citation: Work cat.: (NUST)0: Harrison, Selig S., In Afghanistan's shadow :, 1981.
